Best British Sitcoms - Statistics

General Stats
  • This quiz has been taken 262 times
    237 since last reset
  • The average score is 18 of 50
Answer Stats
Position Show % Correct
1. Only Fools and Horses
90%
5. Fawlty Towers
81%
7. Porridge
70%
2. Blackadder
68%
8. Open All Hours
68%
4. Dad's Army
66%
10. One Foot In The Grave
61%
13. Allo Allo
53%
20. Are You Being Served
52%
15. Steptoe and Son
52%
9. The Good Life
52%
14. Last Of The Summer Wine
51%
25. The Office (2001)
49%
3. The Vicar Of Dibley
49%
17. Absolutely Fabulous
46%
12. Keeping Up Appearances
46%
11. Father Ted
44%
31. The Young Ones
40%
16. Men Behaving Badly
39%
27. Rising Damp
39%
45. Bottom
38%
40. Hi-De-Hi
38%
18. Red Dwarf
37%
24. My Family
36%
22. Some Mothers Do 'Ave 'Em
36%
6. Yes Minister
35%
39. Bread
33%
50. Goodnight Sweetheart
33%
21. To The Manor Born
33%
46. It Ain't Half Hot Mum
31%
19. The Royle Family
31%
33. Butterflies
30%
28. Dinnerladies
30%
23. The Likely Lads
29%
34. The Thin Blue Line
24%
38. Birds Of A Feather (1989)
22%
30. Hancock's Half Hour
19%
29. As Time Goes By
16%
48. Gimme Gimme Gimme
15%
44. 2point4 Children
14%
42. I'm Alan Partridge
14%
37. Waiting For God
14%
35. The Fall And Rise Of Reginald Perrin
13%
26. Drop The Dead Donkey
12%
49. Rab C. Nesbitt
12%
47. The Brittas Empire
11%
43. Just Good Friends
10%
32. Till Death Us Do Part
10%
36. Phoenix Nights
9%
41. The League Of Gentlemen
8%
No matching quizzes found
Score Distribution
Percent of People with Each Score
Percentile by Number Answered
Your Score History
You have not taken this quiz since the last reset